<?xml version="1.0" encoding="UTF-8"?>
<record
    xmlns:xsi="http://www.w3.org/2001/XMLSchema-instance"
    xsi:schemaLocation="http://www.loc.gov/MARC21/slim http://www.loc.gov/standards/marcxml/schema/MARC21slim.xsd"
    xmlns="http://www.loc.gov/MARC21/slim">

  <leader>02337nam a22003257a 4500</leader>
  <controlfield tag="001">405</controlfield>
  <controlfield tag="003">OSt</controlfield>
  <controlfield tag="005">20250528074019.0</controlfield>
  <controlfield tag="008">250506b        |||||||| |||| 00| 0 eng d</controlfield>
  <datafield tag="020" ind1=" " ind2=" ">
    <subfield code="a">9788501302755</subfield>
  </datafield>
  <datafield tag="040" ind1=" " ind2=" ">
    <subfield code="b">por</subfield>
  </datafield>
  <datafield tag="041" ind1=" " ind2=" ">
    <subfield code="h">eng</subfield>
    <subfield code="a">por</subfield>
  </datafield>
  <datafield tag="082" ind1=" " ind2=" ">
    <subfield code="a">813</subfield>
    <subfield code="b">S544v</subfield>
  </datafield>
  <datafield tag="100" ind1="1" ind2=" ">
    <subfield code="a">Sheldon, Sidney,</subfield>
    <subfield code="d">1917-2007.</subfield>
    <subfield code="9">871</subfield>
  </datafield>
  <datafield tag="240" ind1=" " ind2=" ">
    <subfield code="a">The Silent Widow</subfield>
  </datafield>
  <datafield tag="245" ind1=" " ind2=" ">
    <subfield code="a">A vi&#xFA;va Silenciosa /</subfield>
    <subfield code="c">Sheldon, Sidney ;  Bagshawe, Tilly ; Tradu&#xE7;&#xE3;o de: &#xC3;ngelo Lessa</subfield>
  </datafield>
  <datafield tag="260" ind1=" " ind2=" ">
    <subfield code="a">2018</subfield>
    <subfield code="b">Record</subfield>
    <subfield code="c">Rio de Janeiro</subfield>
  </datafield>
  <datafield tag="300" ind1=" " ind2=" ">
    <subfield code="a">448 p.</subfield>
  </datafield>
  <datafield tag="520" ind1=" " ind2=" ">
    <subfield code="a">A saga de uma mulher marcada em busca da pr&#xF3;pria sobreviv&#xEA;ncia &#xE9; trama do novo romance de Sidney Sheldon e Tilly Bagshawe. Charlotte Clancy, uma jovem au pair americana, desaparece sem deixar vest&#xED;gios na Cidade do M&#xE9;xico. O caso acaba sendo arquivado, mas suas consequ&#xEA;ncias s&#xE3;o devastadoras.

Uma d&#xE9;cada depois, um assassino perigoso est&#xE1; &#xE0; solta nas ruas de Los Angeles. E j&#xE1; fez duas v&#xED;timas. Mas o &#xFA;nico elo em comum entre elas &#xE9; a psic&#xF3;loga Nikki Roberts. Nikki ainda est&#xE1; muito abalada com a recente morte do marido. E sua vida sofre outra reviravolta quando uma de suas pacientes, Lisa Flannagan, e o rapaz que Nikki considerava como filho, Treyvon Raymond, s&#xE3;o brutalmente assassinados. Mas, apenas quando sofre um atentado &#xE9; que a psic&#xF3;loga tem certeza de que ela &#xE9; o verdadeiro alvo desse assassino impiedoso.

Atormentada por um acontecimento do passado e vendo a pol&#xED;cia em um beco sem sa&#xED;da, Nikki contrata o detetive particular Derek Williams, um homem que n&#xE3;o tem medo de sujar as m&#xE3;os. Ele trabalhara no caso de Charlotte Clancy, mas agora, anos depois, encontra nas anota&#xE7;&#xF5;es de Nikki Roberts um nome que chama sua aten&#xE7;&#xE3;o, e essa nova investiga&#xE7;&#xE3;o o conduz a um caminho perigoso de volta ao passado. Numa cidade corrupta, onde n&#xE3;o se sabe quem &#xE9; inimigo e quem &#xE9; amigo, Nikki Roberts precisa correr contra o tempo para descobrir a verdade por tr&#xE1;s desses crimes antes que ela seja a pr&#xF3;xima v&#xED;tima.</subfield>
  </datafield>
  <datafield tag="650" ind1=" " ind2="0">
    <subfield code="a">Literatura Americana</subfield>
    <subfield code="9">84</subfield>
  </datafield>
  <datafield tag="650" ind1=" " ind2="0">
    <subfield code="a">Suspense</subfield>
    <subfield code="9">10</subfield>
  </datafield>
  <datafield tag="650" ind1=" " ind2="0">
    <subfield code="a">Mist&#xE9;rio</subfield>
    <subfield code="9">42</subfield>
  </datafield>
  <datafield tag="650" ind1=" " ind2="0">
    <subfield code="a">Assassinatos</subfield>
    <subfield code="9">873</subfield>
  </datafield>
  <datafield tag="650" ind1=" " ind2="0">
    <subfield code="a">Romance Policial </subfield>
    <subfield code="9">11</subfield>
  </datafield>
  <datafield tag="655" ind1=" " ind2="0">
    <subfield code="a">Romance</subfield>
    <subfield code="9">23</subfield>
  </datafield>
  <datafield tag="655" ind1=" " ind2="0">
    <subfield code="a">Fic&#xE7;&#xE3;o </subfield>
    <subfield code="9">22</subfield>
  </datafield>
  <datafield tag="700" ind1=" " ind2=" ">
    <subfield code="a">&#xC3;ngelo Lessa</subfield>
    <subfield code="e">TRADUTOR</subfield>
  </datafield>
  <datafield tag="700" ind1="1" ind2=" ">
    <subfield code="a">Bagshawe, Tilly</subfield>
    <subfield code="e">Coautora</subfield>
    <subfield code="9">874</subfield>
  </datafield>
  <datafield tag="942" ind1=" " ind2=" ">
    <subfield code="2">ddc</subfield>
    <subfield code="n">0</subfield>
    <subfield code="c">BK</subfield>
  </datafield>
  <datafield tag="952" ind1=" " ind2=" ">
    <subfield code="0">0</subfield>
    <subfield code="1">0</subfield>
    <subfield code="2">ddc</subfield>
    <subfield code="4">0</subfield>
    <subfield code="7">0</subfield>
    <subfield code="8">FIC</subfield>
    <subfield code="a">BIBIB</subfield>
    <subfield code="b">BIBIB</subfield>
    <subfield code="c">LE</subfield>
    <subfield code="d">2025-05-06</subfield>
    <subfield code="e">doa&#xE7;&#xE3;o</subfield>
    <subfield code="l">0</subfield>
    <subfield code="o">813 / S544v</subfield>
    <subfield code="p">2025-17343</subfield>
    <subfield code="r">2025-05-06 15:35:02</subfield>
    <subfield code="w">2025-05-06</subfield>
    <subfield code="y">BK</subfield>
  </datafield>
  <datafield tag="999" ind1=" " ind2=" ">
    <subfield code="c">405</subfield>
    <subfield code="d">405</subfield>
  </datafield>
</record>
